Logo de jeux mobile en image - Statistiques

Statistiques générales
  • Ce quiz a été pris 102 fois
  • Le résultat moyen est 20 sur 44
Statistiques - réponses
Par images Réponse % Correct
Sonic Dash
98%
Pac-Man 256
91%
Geometry Dash
90%
Angry Birds
89%
Clash Royale
86%
Pokémon Go
86%
Clash of Clans
85%
Duolingo
84%
slither io
83%
Mario Kart mobile
79%
Chess.com (échecs)
75%
Les Simpson: Springfield
73%
Uno
69%
Mon tom ( My Talking Tom)
68%
Fruit ninja
66%
Hay Day
65%
Zombie Tsunami
64%
Subway Surfers
61%
Plato
60%
Screw puzzle
54%
Doodle Jump
53%
8 ball pool
46%
Block Blast
44%
Coin Master
43%
Photo Roulette
39%
Spider
35%
Mots Flèches
33%
Dragon City
26%
jig solitaire
25%
Brain test
24%
Bubble Shooter
14%
TFT
14%
Tusmo
14%
Zepeto
11%
zombie vs plante
9%
Rise of Kingdoms
8%
Ski Safari 2
8%
Cube Escape: The Cave
5%
Millions (qui veut gagner des millions)
5%
Royal Match
5%
Travel Town
4%
Fruit Merge
3%
Girl Rescue
3%
Jelly Jump
0%
Aucun quiz correspondant
Distribution des résultats
% des personnes avec chaque résultat
Percentile par nombre de réponses
Votre historique - résultats
Vous n’avez pas pris ce quiz